[Event "IMSA Rapid Men 2019"]
[Site "Hengshui"]
[Date "2019.05.14"]
[Round "1.1"]
[White "Wang, Hao"]
[Black "Fedoseev, Vladimir"]
[Result "1/2-1/2"]
[WhiteElo "2735"]
[BlackElo "2683"]
[Annotator "TA"]
[PlyCount "151"]
[EventDate "2019.05.14"]
[EventType "rapid"]
[EventCountry "CHN"]
[SourceTitle "playchess.com"]
[Source "ChessBase"]
[SourceQuality "1"]

{[%evp 13,151,14,27,-9,-10,0,0,-14,-9,-6,-8,-25,0,0,8,5,10,9,8,13,25,20,27,17,15,13,25,0,18,0,0,0,0,0,0,-78,0,-104,-62,-60,-62,-158,-158,-158,-158,-158,-158,-158,-89,-98,-99,-154,-158,-302,-206,-218,-185,-177,-185,-184,-184,-184,-184,-192,-131,-159,-141,-176,-173,-204,-204,-354,-348,-395,-391,-795,-822,-29989,-97,-277,0,-334,-328,-330,-183,-509,-497,-1458,-1168,-551,-532,-1483,-160,-258,0,0,0,0,0,0,0,0,0,0,0,0,0,0,0,0,0,0,0,0,0,0,0,0,0,0,0,0,0,0,0,0,0,0,0,0,0,0,0,0,0,0,0,0,0,0]} 1. c4 e6 2. Nf3 Nf6 3. g3 d5 4. d4 Be7 5. Bg2 O-O 6. O-O c6 7. Qc2 b6 8. cxd5 {E06: Closed Catalan: Early deviations} cxd5 9. Bf4 Bb7 10. Rc1 Nc6 11. Nc3 Rc8 12. Qd1 Ne4 13. h4 $146 ({Predecessor:} 13. Ne5 Nxe5 14. Bxe5 Nxc3 15. Rxc3 Rxc3 16. bxc3 {0-1 (79) Makhnev,D (2476)-Andreikin,D (2725) Astana 2019}) 13... Bd6 (13... f6 {is interesting.} 14. Bh3 Qd7 15. e3 Nb4 16. Qa4 Bc6) 14. Bxd6 Nxd6 15. e3 Rc7 16. Bf1 Qc8 17. a4 Qb8 18. Nb5 Rcc8 19. Bd3 h6 20. Kg2 Ne4 21. Bxe4 dxe4 22. Ne5 $1 {[%cal Re5d7]} Nxe5 23. dxe5 Qxe5 24. Qd7 (24. Rxc8 $11 {keeps the balance.} Bxc8 25. Nxa7) 24... Rb8 ({Avoid the trap} 24... Qxb2 $2 25. Rab1 $18) (24... Rxc1 $17 25. Rxc1 Qxb2) 25. Rc7 (25. Nxa7 $11 {remains equal.} Qf5 26. Kg1) 25... Rbd8 26. Qe7 Qxb2 27. Rf1 (27. Qa3 $1 $15 Qxa3 28. Rxa3) 27... Ba6 $17 28. Rxa7 Bxb5 29. axb5 Qxb5 30. Qb7 Qb4 (30... Qf5 $142 31. Qxb6 Qf3+ 32. Kg1 Rd1) 31. Rc1 Qb2 32. Rf1 ({Better is} 32. Qc6) 32... Rd5 33. Raa1 (33. Ra4 $17) 33... b5 34. Rad1 Rfd8 35. Rxd5 Rxd5 $19 {[%mdl 4096] Endgame KQR-KQR} ({Much less strong is} 35... exd5 36. Rd1 $17) 36. Qb8+ Kh7 37. Qf4 f5 38. Qc7 Qe5 (38... b4 $19 39. Qe7 b3 40. Qxe6 Qe5 41. Qxe5 Rxe5) 39. Qe7 Qd6 40. Qe8 Qd7 41. Qb8 Rc5 42. Ra1 (42. Qf8 $142 Rc2 43. Kg1) 42... Rc8 43. Qe5 Rc2 44. Rb1 $2 {[#]} (44. g4) 44... Qd2 $1 45. Qf4 {[#]} Rb2 $2 (45... g5 $1 {mates} 46. Qc7+ (46. hxg5 hxg5) 46... Rxc7 47. hxg5 hxg5 48. Rh1+ Kg6 49. g4 {[#]} Qe2 $1 {[%mdl 512]} 50. gxf5+ Kxf5 51. Rb1 Qf3+ 52. Kg1 Kg4 53. Rxb5 Rc1+ 54. Kh2 Qxf2#) 46. Rf1 $2 (46. Rxb2 $17 Qxb2 47. Qc7) 46... Rc2 $2 (46... Qc3 $19 {Strongly threatening ...b4.} 47. g4 Qf6) 47. g4 $2 {[%mdl 8192]} (47. Rb1 $1 $11) 47... Rc5 48. g5 Qe2 (48... Qd8 $142 49. Ra1 hxg5 50. hxg5 Kg6) 49. Ra1 $2 (49. gxh6 {was the crucial defense.} gxh6 50. Ra1) 49... hxg5 50. Qxg5 (50. hxg5 $142 b4 51. g6+ Kxg6 52. Ra7) 50... Qf3+ 51. Kg1 b4 52. Rb1 {If only White now had time for h5....} b3 $2 (52... Rd5 $19 {and Black stays clearly on top.} 53. h5 Rd1+ 54. Rxd1 Qxd1+ 55. Kh2 Qg4) 53. h5 $17 {intending Qg6+.} Qg4+ $2 ({Stronger than} 53... Rc2 54. Qg6+ Kh8 55. Qe8+ Kh7 56. Qg6+ Kh8 57. Qe8+ Kh7 58. Qg6+ $11) ({Black should try} 53... Rc8 $19 54. Qg6+ Kh8 55. Qxe6 Qg4+ 56. Kf1 Qh3+ 57. Kg1 Rb8) 54. Qxg4 $11 {The position is equal.} fxg4 55. Rxb3 Rxh5 {KR-KR} 56. Rb4 Re5 57. Kg2 Kg6 58. Kg3 Kg5 59. Rb7 $1 g6 60. Rb4 Kf5 61. Rb8 Kg5 62. Rb4 Kf5 63. Rb8 g5 64. Rf8+ Kg6 65. Kxg4 Kg7 66. Ra8 (66. Rb8 {with more complications.} Kf6 67. Kg3 Rc5 68. Kg2 Rc4 69. Rb5) 66... Rf5 67. Kg3 Kf6 68. Rg8 Ra5 69. Kg2 Kf5 70. Rf8+ Kg6 71. Rb8 Ra1 72. Rb5 Kf6 73. Rb4 Kf5 74. Rb5+ Kf6 75. Rb4 Kf5 76. Rb5+ {Accuracy: White = 48%, Black = 51%.} 1/2-1/2

[Event "IMSA Rapid Men 2019"]
[Site "Hengshui"]
[Date "2019.05.14"]
[Round "1.2"]
[White "Le, Quang Liem"]
[Black "Yu, Yangyi"]
[Result "1/2-1/2"]
[WhiteElo "2704"]
[BlackElo "2739"]
[Annotator "TA"]
[PlyCount "179"]
[EventDate "2019.05.14"]
[EventType "rapid"]
[EventCountry "CHN"]
[SourceTitle "playchess.com"]
[Source "ChessBase"]
[SourceQuality "1"]

{[%evp 10,179,6,14,12,0,0,0,0,0,1,-20,-20,-20,-29,-36,-8,-21,33,0,71,25,32,50,100,92,152,125,137,152,134,83,90,86,73,67,37,0,0,0,0,0,58,53,60,59,59,61,51,50,56,55,59,58,48,34,34,40,66,55,83,45,44,36,92,92,165,170,226,219,212,81,81,81,81,81,81,51,52,52,53,18,18,18,16,18,14,14,203,212,203,203,255,316,260,187,495,452,448,395,473,26,26,26,26,0,0,0,20,20,20,20,20,20,20,20,20,20,20,0,20,20,24,22,22,0,20,20,20,20,20,20,20,20,20,20,20,20,2298,1620,812,340,5089,5089,637,0,0,0,0,0,0,0,0,0,0,0,0,0,0,0,0,0,0,0,0,0,0,0,0,0,0,0]} 1. Nf3 d5 2. e3 Nf6 3. c4 e6 4. b3 Be7 5. Bb2 O-O 6. Nc3 dxc4 {A13: English Opening: 1...e6} 7. bxc4 c5 (7... b6 8. d4 Bb7 9. Bd3 c5 10. d5 exd5 11. cxd5 b5 12. Bxb5 Nxd5 13. O-O Nf6 14. Qc2 {1-0 (102) Giri,A (2797)-Yu,Y (2751) Shenzhen 2019}) 8. Qc2 b6 9. Be2 Bb7 10. Rg1 Nc6 11. a3 Na5 12. d3 Ne8 13. g4 {[#]} a6 $146 (13... Nd6 $11) ({Predecessor:} 13... Nd6 14. g5 {1-0 (149) Malakhov,V (2666)-Movsesian,S (2645) Biograd 2018}) 14. g5 $14 b5 (14... f5 $11) 15. Rd1 Rb8 16. Ne4 Ba8 17. h4 bxc4 ({Black should play} 17... Bxe4 18. dxe4 Qc7) 18. dxc4 Qb6 19. Be5 Qb3 20. Nf6+ (20. Qc1 $142) 20... Bxf6 $16 21. Qxb3 Rxb3 22. gxf6 g6 23. Ng5 Nc6 24. Ba1 Rxa3 25. h5 Nb4 (25... e5 $11) 26. Kf1 Rxa1 27. Rxa1 Nxf6 28. Ra5 Rc8 29. hxg6 hxg6 30. Bf3 Bxf3 31. Nxf3 Ne4 32. Rg4 {[%mdl 1024] White has compensation.} Nd6 33. Ke2 Nb7 34. Ra1 a5 35. Nd2 Kg7 36. Rh4 Ra8 ({Black should try} 36... Kf6 $14) 37. Ne4 Ra7 (37... Nc6 $16) 38. Rd1 $1 $18 a4 (38... Ra8 $142 39. f4 Nc6) 39. Rd7 Nc6 40. Rc7 (40. Rf4 $18 {has better winning chances.} Ne5 41. Rc7) 40... a3 41. Rh1 Nba5 42. Rxa7 Nxa7 $16 {[%mdl 4096] Endgame KRN-KNN} 43. Kd3 N7c6 44. Kc3 Ne5 45. Nd2 Ng4 $1 46. Rf1 f5 47. Nb3 Nxb3 48. Kxb3 $11 {KR-KN} e5 $2 (48... Kf6 $11 {and Black has nothing to worry.}) 49. Kxa3 $18 e4 50. Ka4 $1 {[%cal Ra4b5]} Ne5 51. Kb5 Nd3 52. f4 $1 exf3 $2 (52... Kh6 {is a better chance.} 53. Rh1+ Kg7) 53. Rxf3 Kf6 54. e4 $1 Ne1 {[#]} 55. Rf1 $2 ({Only move:} 55. Re3 $1 $18 {[%cal Re3e1]} Ng2 56. Rg3) 55... Nd3 $11 56. exf5 gxf5 57. Rd1 (57. Rf3 $5 {[%cal Rf3d3]} Ne5 58. Rb3 $16) 57... Nf2 $1 {[%cal Rf2d1]} 58. Rd6+ Kg5 59. Re6 Ne4 60. Kc6 Kf4 61. Kd5 Ke3 62. Re5 Kf4 63. Re7 Ke3 64. Rf7 Kf4 65. Rf8 Kg4 66. Ke6 Nd2 67. Kd5 Ne4 $1 68. Ra8 Kf4 69. Ra1 {Hoping for Rf1+.} Ke3 70. Ra3+ Kf4 71. Rb3 Kg4 72. Rd3 Kf4 73. Ra3 {Threatens to win with Ra1.} Kg4 $2 {[%mdl 8192] [#]} (73... Nf6+ $11 74. Ke6 (74. Kxc5 Ke4 $16) 74... Ne4) 74. Ra1 $1 $18 {[%cal Ra1g1]} Nd2 75. Rd1 Ne4 $2 (75... Nb3 76. Rd3 Nc1) 76. Ke5 Ng3 77. Kd5 $2 (77. Rd8 $18 f4 78. Rg8+ Kf3 79. Ra8) 77... f4 $11 {The position is equal.} 78. Kxc5 f3 79. Kd5 {And now c5 would win.} f2 80. c5 {c6 is the strong threat.} f1=Q 81. Rxf1 Nxf1 {KN-KP} 82. c6 Ne3+ $1 83. Kd6 Nf5+ $1 84. Kd7 Ne3 $1 85. Kd6 {Black must now prevent c7.} Nf5+ $1 86. Kd7 {Strongly threatening c7.} Ne3 $1 87. c7 Nd5 88. c8=Q {Threatening mate with Kd6+.} Nb6+ {[%mdl 64] Double Attack} 89. Kc7+ Nxc8 90. Kxc8 {Accuracy: White = 71%, Black = 56%.} 1/2-1/2

[Event "IMSA Rapid Men 2019"]
[Site "Hengshui"]
[Date "2019.05.14"]
[Round "1.3"]
[White "Andreikin, Dmitry"]
[Black "Leko, Peter"]
[Result "1/2-1/2"]
[WhiteElo "2722"]
[BlackElo "2674"]
[Annotator "TA"]
[PlyCount "86"]
[EventDate "2019.05.14"]
[EventType "rapid"]
[EventCountry "CHN"]
[SourceTitle "playchess.com"]
[Source "ChessBase"]
[SourceQuality "1"]

{[%evp 14,86,24,23,29,14,28,28,32,22,18,22,22,22,22,7,7,12,19,12,12,11,11,14,20,8,8,9,16,11,18,-10,-16,-16,-11,-24,-24,-20,-20,-12,-18,-17,-14,-17,-16,-12,0,-20,-23,-31,-8,-8,-8,-8,-8,-8,0,0,0,0,0,0,0,0,0,0,0,0,0,0,0,0,0,0,0]} 1. d4 Nf6 2. c4 e6 3. Nf3 d5 4. Nc3 Bb4 5. Bg5 h6 6. Qa4+ $146 ({Predecessor:} 6. Bxf6 Qxf6 7. Qa4+ {½-½ (24) Ragger,M (2668)-Boruchovsky,A (2517) Zalakaros 2015}) 6... Nc6 7. Bxf6 Qxf6 8. e3 O-O {D38: Queen's Gambit Declined: Ragozin Defence (4 Nf3 Bb4)} 9. Be2 Bd7 {[#] And now ...Nxd4 would win.} 10. Qb3 dxc4 {White has an edge.} 11. Qxc4 Qe7 12. O-O Na5 13. Qxc7 Rac8 14. Qe5 Bxc3 15. bxc3 Qa3 16. Rac1 Rxc3 17. Rxc3 Qxc3 18. Qd6 Qc2 19. Bd1 Qc6 20. Qe7 {[#] Hoping for Ne5.} Re8 21. Qa3 Qa6 22. Ne5 Bb5 23. Re1 Nc4 24. Nxc4 Bxc4 25. Qxa6 Bxa6 $11 {[%mdl 4096] Endgame KRB-KRB} 26. Bb3 Rc8 27. f4 Rc3 28. d5 exd5 29. Bxd5 Bc4 30. Bxc4 (30. Bxb7 {keeps more tension.} Bxa2 31. Ra1 Rc2 32. Rd1 Kf8 33. Be4) 30... Rxc4 {KR-KR} 31. Rd1 g6 32. Rd7 {The position is equal.} Ra4 33. Rxb7 Rxa2 34. h4 h5 35. Kh2 Ra3 36. Kg1 Rxe3 37. Rxa7 Kg7 38. Kf2 Rb3 39. Ra6 Rb2+ 40. Kf3 Rb3+ 41. Kf2 Rb2+ 42. Kf3 Rb3+ 43. Kf2 Rb2+ {Accuracy: White = 82%, Black = 69%.} 1/2-1/2

[Event "IMSA Rapid Men 2019"]
[Site "Hengshui"]
[Date "2019.05.14"]
[Round "1.4"]
[White "Ponomariov, Ruslan"]
[Black "Korobov, Anton"]
[Result "1/2-1/2"]
[WhiteElo "2675"]
[BlackElo "2687"]
[Annotator "TA"]
[PlyCount "81"]
[EventDate "2019.05.14"]
[EventType "rapid"]
[EventCountry "CHN"]
[SourceTitle "playchess.com"]
[Source "ChessBase"]
[SourceQuality "1"]

{[%evp 12,81,29,0,36,49,36,18,24,37,33,31,27,33,35,42,30,14,0,0,0,0,0,0,0,0,0,0,0,0,0,0,0,0,0,0,0,0,0,0,0,0,0,0,0,0,8,0,0,0,0,0,0,0,0,0,0,0,0,0,0,0,0,0,0,0,0,0,0,0,0,0]} 1. e4 c5 2. Nf3 d6 3. d4 cxd4 4. Nxd4 Nf6 5. Nc3 a6 6. h3 Nc6 7. Be3 Nxd4 {B90: Sicilian Najdorf: Unusual White 6th moves, 6 Be3 Ng4 and 6 Be3 e5} (7... e6 8. g4 Qc7 9. Bg2 Nd7 10. Qe2 Na5 11. O-O-O Nc4 12. Bf4 Nde5 13. Bg3 g5 14. h4 gxh4 15. Rxh4 {1-0 (36) Leko,P (2731)-Grischuk,A (2795) Sochi 2014}) 8. Qxd4 e5 9. Qb6 Qxb6 10. Bxb6 Be6 11. O-O-O Rc8 12. Ba5 $146 ({Predecessor:} 12. g4 h6 13. Bg2 Be7 14. Be3 Nd7 15. Kb1 {1-0 (25) Karaklajic,N-Bogdanovic,R Vrnjacka Banja 1962}) 12... Be7 13. Bb4 Rd8 14. Be2 d5 {The position is equal.} 15. exd5 Nxd5 16. Ba5 Nxc3 17. Rxd8+ Bxd8 18. Bxc3 f6 19. Rd1 Bc7 20. Bf3 b6 21. Bb4 Kf7 22. Bd6 Bd8 23. b3 Be7 24. c4 Rd8 25. Bxe7 Rxd1+ 26. Kxd1 Kxe7 $11 {[%mdl 4096] Endgame KB-KB} 27. Kd2 a5 28. Kc3 Kd6 29. a3 g5 30. b4 axb4+ 31. axb4 h6 32. Be2 Bf7 33. g4 Be6 34. Bd3 Bd7 35. Be4 Be6 36. Kd3 Bf7 37. Bf3 Bg6+ 38. Be4 Bf7 39. Bf3 Bg6+ 40. Be4 Bf7 41. Bf3 {Accuracy: White = 74%, Black = 89%.} 1/2-1/2

[Event "IMSA Rapid Men 2019"]
[Site "Hengshui"]
[Date "2019.05.14"]
[Round "1.5"]
[White "Dominguez Perez, Leinier"]
[Black "Mamedov, Rauf"]
[Result "1-0"]
[WhiteElo "2750"]
[BlackElo "2650"]
[Annotator "TA"]
[PlyCount "99"]
[EventDate "2019.05.14"]
[EventType "rapid"]
[EventCountry "CHN"]
[SourceTitle "playchess.com"]
[Source "ChessBase"]
[SourceQuality "1"]

{[%evp 29,99,18,12,0,0,0,18,0,0,0,5,-26,-28,-26,-29,-27,-34,-31,-25,-30,-25,-28,-24,-41,-18,-64,-68,-79,-20,-46,-44,-37,-34,-45,-33,-48,-33,-39,-20,-60,-67,-101,-22,-122,0,-80,-17,-26,-21,-50,0,-27,-21,-13,0,0,0,-138,-83,-73,0,0,9,0,292,283,370,310,409,334,656,580]} 1. e4 c5 2. Nf3 Nc6 3. d4 cxd4 4. Nxd4 Nf6 5. Nc3 e5 6. Ndb5 d6 7. Bg5 a6 8. Na3 b5 9. Nd5 Be7 10. Bxf6 Bxf6 11. c3 Rb8 12. Nc2 Bg5 13. Be2 O-O 14. O-O a5 15. Qd3 Ne7 16. Nce3 {B33: Sicilian: Pelikan and Sveshnikov Variations} Be6 (16... Nxd5 17. Nxd5 Be6 18. Rad1 f5 19. Bf3 Kh8 20. exf5 Bxf5 21. Be4 Be6 22. a3 Qd7 23. Kh1 g6 {½-½ (60) Canovas Pardomingo,M (2576)-Busemann,S (2633) ICCF email 2009}) 17. Rfd1 b4 $146 ({Predecessor:} 17... Nxd5 18. Nxd5 Qd7 19. Qg3 Qd8 20. b4 f5 21. exf5 Bxf5 22. bxa5 Be6 23. Nc7 Bd7 24. Rxd6 Bf4 25. Qd3 Bxh2+ 26. Kxh2 Qh4+ {½-½ (26) Eiben,P (2480)-Standke,W (2489) ICCF email 2016}) 18. Nxe7+ {The position is equal.} Qxe7 19. c4 Qa7 20. Nd5 f5 21. exf5 Bxf5 22. Qg3 Bh6 23. Ne3 Bf4 24. Qf3 Bg6 {Hoping for ...Bxh2+!} 25. Qh3 e4 26. b3 Kh8 27. Rab1 a4 28. Bg4 Ra8 (28... axb3 $17 29. axb3 Qa2) 29. Be6 axb3 30. axb3 Be5 {And now ...Qa2 would win.} 31. Bd5 Rae8 32. Rd2 Bc3 33. Re2 Bd4 34. Rd1 Re5 35. Rde1 Bc3 (35... Rh5 $1 $17 {[%cal Rh5h3]} 36. Qg4 Rh6) 36. Rb1 (36. Rc1 $11) 36... Bd4 37. Rbe1 Bh5 ({Better is} 37... Rh5 $1 $17 {[%cal Rh5h3]} 38. Qg4 Bc3) 38. Rc2 $11 Bc3 39. Rb1 Bd4 40. Qg3 Qe7 41. Ra2 Rg5 42. Qh3 $40 {[%mdl 128] White mounts an attack.} Bf3 43. g3 {[#]} (43. Kh1 $11 {remains equal.} Bh5 44. Re1) 43... Rh5 ({Black should play} 43... Bxe3 $1 44. fxe3 Qe5) 44. Qe6 $17 {[#]} Qxe6 (44... Qc7 $1 $17) 45. Bxe6 $11 g5 46. Bg4 Bxg4 $4 {[%mdl 8192]} (46... Rh6 $1 $11 {and Black has nothing to worry.}) 47. Nxg4 $18 Rf3 48. Kg2 Bc3 49. Re2 Rf8 $2 (49... d5 50. cxd5 Rd3 51. Rxe4 Rxd5) 50. Rxe4 {Accuracy: White = 48%, Black = 37%.} 1-0

[Event "IMSA Rapid Men 2019"]
[Site "Hengshui"]
[Date "2019.05.14"]
[Round "1.6"]
[White "Vidit, Santosh Gujrathi"]
[Black "Rapport, Richard"]
[Result "1-0"]
[WhiteElo "2707"]
[BlackElo "2736"]
[Annotator "TA"]
[PlyCount "165"]
[EventDate "2019.05.14"]
[EventType "rapid"]
[EventCountry "CHN"]
[SourceTitle "playchess.com"]
[Source "ChessBase"]
[SourceQuality "1"]

{[%evp 9,165,31,45,23,51,45,58,43,47,42,48,47,70,46,49,45,71,70,79,60,97,35,39,39,47,42,76,69,84,93,92,91,93,84,92,77,81,43,79,26,17,40,36,12,65,65,84,65,327,133,102,76,60,65,114,114,111,118,92,104,89,111,146,135,141,139,169,160,233,197,228,230,367,346,396,384,381,395,368,374,360,359,286,286,875,689,833,512,952,992,939,39,66,45,919,0,939,883,956,930,947,916,893,813,616,602,5267,4903,3889,3399,2533,2461,2313,2177,1538,1830,29939,29936,12810,29945,29936,29943,7268,11097,10655,10236,7950,6551,8060,6556,5725,2946,2346,1893,6487,5522,29964,29963,29963,29963,29957,29967,29961,29956,29956,5618,29975,29975,29953,29958,29976,11697,6466,6391,29977,29978,29984,29981]} 1. d4 d6 2. Nf3 Nf6 3. g3 g6 4. Bg2 Bg7 5. c4 c5 6. Nc3 {E60: King's Indian: Unusual lines and Fianchetto Variation without Nc3} cxd4 7. Nxd4 h5 $146 ({Predecessor:} 7... a6 8. O-O Nbd7 9. b3 O-O 10. Bb2 Ne5 11. Qd2 Rb8 12. h3 Bd7 13. Kh2 Nc6 14. Nc2 b5 15. Ne3 Qa5 16. Rfd1 bxc4 17. Nxc4 Qh5 18. Ne3 Bh6 {1-0 (31) Dzagnidze,N (2513)-Badelka,O (2385) St Petersburg 2018}) 8. h3 {White is slightly better.} O-O 9. Be3 Qc7 10. Rc1 Nc6 11. O-O Bd7 12. b3 Rfc8 13. Qd2 Qd8 14. Rfd1 a6 15. Kh2 (15. Nf3 $16) 15... Nxd4 $14 16. Bxd4 Bc6 17. a4 Kh7 18. e4 Qh8 19. a5 Nd7 20. Bxg7 Qxg7 21. Qe3 Rab8 22. Nd5 Re8 23. h4 Qh6 24. Qxh6+ (24. Qe1 $16) 24... Kxh6 $11 25. b4 {[%cal Bb3b4,Bb4b5][%mdl 32]} Kg7 26. Bh3 Nf6 ({Better is} 26... Ne5 $11) 27. f3 $14 Rbd8 28. Nb6 Bd7 $2 {[%mdl 8192] [#]} (28... Nd7 $1 $14) 29. Bf1 (29. e5 $1 $18 {[%cal Re5f6][%mdl 512]} Bc6 (29... dxe5 30. Bxd7) 30. exf6+ exf6 31. Rd2) 29... Be6 $16 30. b5 Nd7 31. Nxd7 Rxd7 32. c5 $1 dxc5 {aiming for ...Rxd1.} 33. Rxd7 Bxd7 34. bxa6 bxa6 35. Rxc5 {[%mdl 4096] Endgame KRB-KRB} Ra8 36. Kg2 Ra7 37. Kf2 f6 38. f4 e6 (38... Kf7 $16 39. e5 f5 40. Bc4+ Kf8) 39. Ke3 Kf7 40. e5 f5 (40... Be8 $142 41. exf6 Kxf6) 41. Rc1 $18 Ke7 42. Rb1 Rc7 43. Bxa6 Rc3+ 44. Bd3 $1 Bc6 {White must now prevent ...Rxd3+!} 45. Rb4 $1 {[%cal Rb4c4]} Ra3 46. a6 $1 Be4 $2 (46... Kd7 47. Kd4 Kc7) 47. Rxe4 fxe4 48. Kxe4 {KR-KB} Ra4+ (48... Kd8 $142 49. Kd4 Kd7 50. Bxg6 Rxa6) 49. Ke3 Kf7 50. Kd2 $2 ({White should play} 50. Bb5 $18 Ra5 51. Bd3) 50... Ra3 $14 51. Ke2 Ra2+ $2 {[%mdl 8192]} (51... Ke7 $14) 52. Ke3 Ra4 $1 53. Bb5 Ra5 54. Bc4 Ke7 55. Kd4 Kd7 56. Bd3 $1 {[%cal Rd3g6]} Ra3 57. Bxg6 Rxa6 58. Ke3 $1 ({Weaker is} 58. Bxh5 Ra3 $11) 58... Ra3+ {[#]} 59. Kf2 $1 Ra2+ 60. Kf3 Ra3+ {[#]} 61. Kg2 $1 Kc6 62. Bxh5 Kd7 63. Bg6 Ke7 64. Kh3 (64. h5 $18 Kf8 65. h6) 64... Kf8 65. h5 Kg7 66. Kh4 Rf3 67. Be8 Kf8 68. Bd7 Kf7 69. Bc6 Rc3 70. Be4 Kg7 71. Bg2 Rc1 72. g4 Rc2 73. Kg3 Kh6 74. Bf3 Rc3 75. g5+ Kg7 76. Kg4 Rc4 77. Be2 Rc3 78. Bb5 Rc1 79. h6+ Kf7 80. Bd3 (80. f5 $142 Rb1 81. fxe6+ Kxe6 82. h7 Rb4+ 83. Kg3 Rb3+ 84. Kg4 Rb4+ 85. Kh5 Rxb5 86. h8=Q Rxe5 87. Kg4) 80... Rg1+ $18 81. Kf3 Rh1 82. Kg2 Rd1 83. Bh7 {Accuracy: White = 71%, Black = 32%.} 1-0

[Event "IMSA Rapid Men 2019"]
[Site "Hengshui"]
[Date "2019.05.14"]
[Round "1.7"]
[White "Bu, Xiangzhi"]
[Black "Cheparinov, Ivan"]
[Result "1/2-1/2"]
[WhiteElo "2729"]
[BlackElo "2667"]
[Annotator "TA"]
[PlyCount "168"]
[EventDate "2019.05.14"]
[EventType "rapid"]
[EventCountry "CHN"]
[SourceTitle "playchess.com"]
[Source "ChessBase"]
[SourceQuality "1"]

{[%evp 14,168,19,19,18,6,17,14,6,18,16,5,10,3,5,0,5,0,0,-9,0,0,0,0,0,0,0,0,3,2,57,58,57,47,63,61,63,40,96,94,85,88,94,87,92,86,91,77,64,34,41,38,43,42,48,35,31,34,41,29,41,0,8,0,21,0,13,11,20,20,113,31,140,0,7,7,7,7,7,0,0,0,0,0,0,0,0,0,8,7,7,0,8,7,8,0,0,0,0,0,0,0,2,0,0,0,0,0,0,0,0,0,0,0,0,0,0,8,8,0,8,0,8,8,8,0,8,0,8,0,0,0,0,0,0,0,0,0,0,0,0,0,0,0,0,0,0,0,0,0,0,0,0,0,0,0,8]} 1. Nf3 d5 2. d4 Nf6 3. c4 e6 4. Bg5 h6 5. Bxf6 Qxf6 6. Nc3 Bb4 7. Qa4+ Nc6 8. e3 O-O {D38: Queen's Gambit Declined: Ragozin Defence (4 Nf3 Bb4)} 9. Be2 dxc4 10. O-O (10. Bxc4 e5 11. O-O exd4 12. Nd5 Qd6 13. Nxb4 Qxb4 14. Qxb4 Nxb4 15. Nxd4 Bd7 16. a3 {1-0 (49) Duda,J (2738)-Vidit,S (2695) chess.com INT 2019}) 10... Bd7 11. Bxc4 Bxc3 12. bxc3 Rfd8 {next ...Nxd4 is good for Black.} 13. Qa3 b6 14. Rad1 $146 ({Predecessor:} 14. Ba6 Qe7 15. Qxe7 Nxe7 16. a4 Bc8 17. Bxc8 Raxc8 18. a5 c5 19. axb6 {½-½ (19) Nilsen,J (2415)-Teplyi,I (2431) Copenhagen 2016}) 14... Qe7 15. Qxe7 Nxe7 16. e4 c5 17. dxc5 bxc5 18. Ne5 $36 {[%mdl 2048] White is more active.} Ba4 19. Rxd8+ Rxd8 20. f3 Nc6 21. Nd3 Bc2 (21... Na5 $11 22. Ba6 c4) 22. Nxc5 $14 Ne5 23. Ba6 Rd2 24. Bb5 g5 25. Rc1 Bd3 (25... Bd1 $14) 26. Nxd3 $16 Nxd3 27. Bxd3 Rxd3 {[%mdl 4096] Endgame KR-KR} 28. Rc2 Kf8 29. Kf2 Ke7 30. Ke2 Rd6 31. Rd2 Ra6 $1 32. Ke3 Ra4 33. Kd3 e5 34. h3 h5 35. g3 h4 36. gxh4 gxh4 37. Ke3 Ra3 38. Kd3 Ra4 39. Ke3 Ra3 40. Rc2 Ke6 41. f4 f6 (41... Kd6 $11) 42. Kf3 ({White should play} 42. f5+ $16 Kd6 43. Kf3) 42... Ra4 (42... exf4 $14 43. Kxf4 a5) 43. Ke3 ({White should try} 43. f5+ $16 Kd6 44. Rd2+ Kc5 45. Rd5+ Kc6 46. Rd8) 43... f5 {The position is equal.} 44. exf5+ Kxf5 45. fxe5 Kxe5 46. Rg2 Re4+ 47. Kd3 Rf4 48. Ke3 Re4+ 49. Kd3 Rf4 50. Rg5+ Kd6 51. Ke3 Rc4 52. Kd3 Rf4 53. Rg6+ Kc5 54. Re6 Rf3+ 55. Re3 Rf2 56. Re2 Rf3+ 57. Re3 Rf2 58. a4 a5 59. Re5+ Kb6 60. Re6+ Kc5 61. Re5+ Kb6 62. Kd4 {[#] Re6+ is the strong threat.} Rd2+ 63. Kc4 {aiming for Rh5.} Rh2 64. Re3 Kc6 65. Rf3 Rh1 66. Re3 Rh2 67. Rf3 Rh1 68. Rf6+ Kc7 69. Rf7+ Kc6 70. Rf6+ Kc7 71. Kc5 Rxh3 72. Rf7+ Kd8 73. c4 Rh1 74. Kb5 h3 75. Rh7 h2 {[#] And now ...Rb1+ would win.} 76. Kxa5 Kc8 77. c5 Rc1 78. Rxh2 {Strongly threatening Kb6.} Rxc5+ 79. Kb6 (79. Kb4 {looks sharper.} Rc1 80. Kb3 Kb8 81. Ka2 Kb7 82. Rh7+) 79... Rc1 80. Rh8+ Kd7 81. a5 {Hoping for a6.} Rb1+ 82. Kc5 {Black must now prevent a6.} Rc1+ 83. Kb6 Rb1+ 84. Kc5 {Threatens to win with a6.} Rc1+ {Accuracy: White = 47%, Black = 72%.} 1/2-1/2